Sky : (Record no. 9297)

MARC details
000 -LEADER
fixed length control field 00998nam a22002417a 4500
001 - CONTROL NUMBER
control field 9297
003 - CONTROL NUMBER IDENTIFIER
control field FISKH
005 - DATE AND TIME OF LATEST TRANSACTION
control field 20251209112907.0
008 - FIXED-LENGTH DATA ELEMENTS--GENERAL INFORMATION
fixed length control field 251209b cb ||||| |||| 00| 0 eng d
020 ## - INTERNATIONAL STANDARD BOOK NUMBER
International Standard Book Number 9789996345029
040 ## - CATALOGING SOURCE
Original cataloging agency FISKH
Language of cataloging eng
Transcribing agency FISKH
Modifying agency FISKH
050 ## - LIBRARY OF CONGRESS CALL NUMBER
Classification number PZ7
082 ## - DEWEY DECIMAL CLASSIFICATION NUMBER
Classification number 741.5
100 ## - MAIN ENTRY--PERSONAL NAME
Personal name Lipp , Fred
245 ## - TITLE STATEMENT
Title Sky :
Remainder of title One girl in a million /
Statement of responsibility, etc. Story : Fred Lipp : Illustrated by : Kristine Hakim
250 ## - EDITION STATEMENT
Edition statement Openbook Editions copyright first edition 2012
260 ## - PUBLICATION, DISTRIBUTION, ETC.
Place of publication, distribution, etc. Phnom Penh :
Name of publisher, distributor, etc. Open Book NGO ,
Date of publication, distribution, etc. 2010.
300 ## - PHYSICAL DESCRIPTION
Extent 33 pages :
Other physical details color illustrations ;
Dimensions 33 cm .
520 ## - SUMMARY, ETC.
Summary, etc. Based on a true story which happened in 2010 in Cambodia, this graphic novel invites us to travel around the beautiful city of Phnom Penh . Sky , a young cambodian girl , wants to be a Tuk-Tuk driver . As she attempts to fulfill her dream , will she be able to overcome the challenges ?
700 ## - ADDED ENTRY--PERSONAL NAME
Personal name Hakim , Kristine
Relator term Illustrator
942 ## - ADDED ENTRY ELEMENTS (KOHA)
Source of classification or shelving scheme Dewey Decimal Classification
Koha item type Books
Suppress in OPAC No
Holdings
Withdrawn status Lost status Source of classification or shelving scheme Damaged status Not for loan Collection Home library Current library Shelving location Date acquired Total Checkouts Full call number Barcode Date last seen Price effective from Koha item type
    Dewey Decimal Classification     Fiction Footprints International School Library Network Toul Tom Poung Campus Footprints International School Library Network Toul Tom Poung Campus TTP Secondary Fiction Bookshelves 12/09/2025   LIP PZ7 741.5 2025-5097 12/09/2025 12/09/2025 Books